Etiqueta de registo: 00000nkm 2200025 450
001 2277122
003 http://id.bnportugal.gov.pt/bib/catbnp/2277122
100 ## $a20260306d1980 m y0pory01030103ba
101 0# $apor
102 ## $aPT
200 1# $aDia Internacional da Alfabetização, programas prioritários 1980$bVisual gráfico]$fDirecção-Geral da Educação de Adultos$gdes. Carlos Delfim Leitão
210 #9 $a[Lisboa]$cDirecção-Geral da Educação de Adultos,$d1980$e[Lisboa] :$gOficinas Gráficas do MEC)
215 ## $a1 cartaz$ccolor.$d70x50 cm
317 ## $aColeção Madeira Luís
702 #1 $aLeitão,$bCarlos Delfim$4040$31992652
710 01 $aPortugal.$bMinistério da Educação.$bDirecção-Geral da Educação de Adultos$31989572
801 #0 $aPT$bBN$gRPC
966 ## $lBN$mICONOG$sCT. 7732 R.$x3
971 ## $cCaticonografia8$d20260306
972 ## $d20260319 $e1$vfpinelo$z0
995 ## $aPRR2026